<?xml version="1.0" encoding="UTF-8"?>
<record
    xmlns:xsi="http://www.w3.org/2001/XMLSchema-instance"
    xsi:schemaLocation="http://www.loc.gov/MARC21/slim http://www.loc.gov/standards/marcxml/schema/MARC21slim.xsd"
    xmlns="http://www.loc.gov/MARC21/slim">

  <leader>01518nam a22003017a 4500</leader>
  <controlfield tag="005">20240229105106.0</controlfield>
  <controlfield tag="008">240229b        CE ||||| |||| 00| 0 spa d</controlfield>
  <datafield tag="020" ind1=" " ind2=" ">
    <subfield code="a">9789978191422 (Universidad Andina Sim&#xF3;n Bol&#xED;var) </subfield>
  </datafield>
  <datafield tag="020" ind1=" " ind2=" ">
    <subfield code="a">9789978844304 (Editora Nacional)</subfield>
  </datafield>
  <datafield tag="050" ind1="0" ind2="4">
    <subfield code="a">F2523 </subfield>
    <subfield code="b">V55 2007</subfield>
  </datafield>
  <datafield tag="100" ind1="1" ind2=" ">
    <subfield code="a">Villafa&#xF1;e G. Santos, Lu&#xED;s Cl&#xE1;udio </subfield>
  </datafield>
  <datafield tag="240" ind1="1" ind2="2">
    <subfield code="a">O imp&#xE9;rio e as rep&#xFA;blicas do pac&#xED;fico: as rela&#xE7;&#xF5;es do Brasil com Chile, Bolivia, Peru, Equador e Colombia, 1822-1889. </subfield>
    <subfield code="l">Espa&#xF1;ol</subfield>
  </datafield>
  <datafield tag="245" ind1="1" ind2="3">
    <subfield code="a">El imperio del Brasil y las rep&#xFA;blicas del pac&#xED;fico </subfield>
    <subfield code="b"> : las relaciones de Brasil con Bolivia, Chile, Colombia, Ecuador y Per&#xFA;, 1822-1889</subfield>
    <subfield code="c"> / Lu&#xED;s Cl&#xE1;udio Villafa&#xF1;e G. Santos ; Traducci&#xF3;n de Pablo Jos&#xE9; S&#xE1;inz Fuentes</subfield>
  </datafield>
  <datafield tag="246" ind1="3" ind2="4">
    <subfield code="a">El imperio del Brasil y las rep&#xFA;blicas del pac&#xED;fico 1822-1889</subfield>
  </datafield>
  <datafield tag="250" ind1=" " ind2=" ">
    <subfield code="a">1a ed. </subfield>
  </datafield>
  <datafield tag="260" ind1=" " ind2=" ">
    <subfield code="a">Quito : </subfield>
    <subfield code="b">Universidad Andina Sim&#xF3;n Bol&#xED;var ; </subfield>
    <subfield code="b">Corporaci&#xF3;n Editora Nacional, </subfield>
    <subfield code="c">2007</subfield>
  </datafield>
  <datafield tag="300" ind1=" " ind2=" ">
    <subfield code="a">168 paginas ; </subfield>
    <subfield code="c">24 cm. </subfield>
  </datafield>
  <datafield tag="490" ind1="0" ind2=" ">
    <subfield code="a">Biblioteca de Historia ; </subfield>
    <subfield code="v">23</subfield>
  </datafield>
  <datafield tag="504" ind1=" " ind2=" ">
    <subfield code="a">Bibliograf&#xED;a: p.163-168. </subfield>
  </datafield>
  <datafield tag="651" ind1=" " ind2="7">
    <subfield code="2">lemb</subfield>
    <subfield code="a">Brasil</subfield>
    <subfield code="v">Relaciones exteriores</subfield>
    <subfield code="y">1822-1889</subfield>
  </datafield>
  <datafield tag="651" ind1=" " ind2="7">
    <subfield code="2">lemb</subfield>
    <subfield code="a">Brasil</subfield>
    <subfield code="v">Relaciones exteriores</subfield>
    <subfield code="z">Bolivia</subfield>
  </datafield>
  <datafield tag="651" ind1=" " ind2="7">
    <subfield code="2">lemb</subfield>
    <subfield code="a">Brasil</subfield>
    <subfield code="x">Relaciones exteriores</subfield>
    <subfield code="z">Chile</subfield>
  </datafield>
  <datafield tag="651" ind1=" " ind2="7">
    <subfield code="2">lemb</subfield>
    <subfield code="a">Brasil </subfield>
    <subfield code="x">Relaciones exteriores</subfield>
    <subfield code="z">Colombia</subfield>
  </datafield>
  <datafield tag="651" ind1=" " ind2="7">
    <subfield code="2">lemb</subfield>
    <subfield code="a">Brasil</subfield>
    <subfield code="x">Relaciones exteriores</subfield>
    <subfield code="z">Ecuador</subfield>
  </datafield>
  <datafield tag="651" ind1=" " ind2="7">
    <subfield code="2">lemb</subfield>
    <subfield code="a">Brasil</subfield>
    <subfield code="x">Relaciones exteriores</subfield>
    <subfield code="z">Per&#xFA;</subfield>
  </datafield>
  <datafield tag="700" ind1="1" ind2=" ">
    <subfield code="a">S&#xE1;inz Fuentes, Pablo Jos&#xE9;,</subfield>
    <subfield code="e">traductor </subfield>
  </datafield>
  <datafield tag="942" ind1=" " ind2=" ">
    <subfield code="2">lcc</subfield>
    <subfield code="c">LIB</subfield>
  </datafield>
  <datafield tag="999" ind1=" " ind2=" ">
    <subfield code="c">169906</subfield>
    <subfield code="d">169904</subfield>
  </datafield>
  <datafield tag="952" ind1=" " ind2=" ">
    <subfield code="1">0</subfield>
    <subfield code="2">lcc</subfield>
    <subfield code="4">0</subfield>
    <subfield code="7">0</subfield>
    <subfield code="a">INV-033</subfield>
    <subfield code="b">INV-033</subfield>
    <subfield code="c">GENERAL</subfield>
    <subfield code="d">2024-02-29</subfield>
    <subfield code="e">DON</subfield>
    <subfield code="f">1a ed. </subfield>
    <subfield code="i">H</subfield>
    <subfield code="k">CSA</subfield>
    <subfield code="l">0</subfield>
    <subfield code="o">F2523 V55 2007</subfield>
    <subfield code="p">IIH000036078</subfield>
    <subfield code="r">2024-02-29 10:51:50</subfield>
    <subfield code="t">1</subfield>
    <subfield code="v">1.00</subfield>
    <subfield code="y">LIB</subfield>
  </datafield>
</record>
